|
|
|
|
| LEADER |
00822nam a2200253u 4500 |
| 001 |
799 |
| 003 |
BD-DhAAL |
| 005 |
20150914101756.0 |
| 008 |
150914s1955 moua 000 0 eng |
| 010 |
|
|
|a 55008086 /L
|
| 040 |
|
|
|d UPRA
|c BD-DhAAL
|
| 050 |
0 |
0 |
|a DS414
|b .F55
|
| 082 |
0 |
0 |
|a 915.4
|
| 100 |
1 |
|
|a Finegan, Jack,
|d 1908-2000.
|9 14624
|
| 245 |
1 |
0 |
|a India today!.
|
| 260 |
|
|
|a St. Louis :
|b Bethany Press,
|c [1955]
|
| 300 |
|
|
|a 208 p. :
|b ill., map (on lining papers) ;
|c 24 cm.
|
| 541 |
|
|
|e 799
|
| 650 |
|
7 |
|a Travel
|2 fast
|9 14625
|
| 651 |
|
0 |
|a India
|x Description and travel.
|9 14626
|
| 651 |
|
7 |
|a India
|2 fast
|9 14627
|
| 942 |
|
|
|2 ddc
|c BK
|
| 999 |
|
|
|c 35527
|d 35527
|
| 952 |
|
|
|0 0
|1 0
|2 ddc
|4 0
|6 915_400000000000000_FIN
|7 0
|9 55879
|a SCL
|b SCL
|c GEN
|d 2015-09-14
|e Gift
|l 1
|m 1
|o 915.4 FIN
|p 3020000799
|r 2024-07-04
|s 2024-06-26
|t 1
|w 2015-09-14
|y BK
|